Los siete pilares de la sabiduría : un triunfo /

Guardado en:
Autor Principal: Lawrence, T. E.
Formato: Libro
Idioma:Spanish
Publicado: Buenos Aires : Sur, 1955.
Edición:2. ed.
Etiquetas: Agregar Etiqueta
Sin Etiquetas, Sea el primero en etiquetar este registro!
LEADER 00449nam a22001575a 4500
001 EUN.um049310
003 AR-BaUNS
005 20050623122916.0
008 041125s1955####ag############000#0#spa#d
245 1 4 |a Los siete pilares de la sabiduría :  |b un triunfo /  |c T. E. Lawrence. 
260 |a Buenos Aires :  |b Sur,  |c 1955. 
300 |a 542 p. 
100 1 |a Lawrence, T. E. 
082 0 4 |a 953 
250 |a 2. ed. 
859 |a Ar-BaUNS  |b BIB. CENTRAL - Sector C  |h 953  |i L438  |p 41/966